000 00636nam a22002177a 4500
001 1963115
003 AM-YEHGA
005 20250617164856.0
008 240802s1938 fr ||||| |||| 00| 0 fre d
040 _aAM-YeHGA
041 0 _afre
100 1 _aCartan, Élie
245 1 0 _aLeçons sur la théorie des spineurs :
_bLes spineurs de l’espace à trois dimensions /
_cPar Élie Cartan.
260 _aParis :
_bHermann & Cie, Éditeurs,
_c1938.
300 _a98 p.
440 0 _aActualités scientifiques et industrielles ;
_v643
650 1 4 _aQuantum theory
650 1 4 _aSpinor analysis
942 _2udc
_cBK
090 _c569824
999 _c531068
_d531068